| 000 | 01230cam a22003131 4500 | ||
|---|---|---|---|
| 001 | smallwoman00burg | ||
| 003 | CaSfIA | ||
| 005 | 20210119082814.0 | ||
| 007 | cr|||| | ||
| 008 | 750415s1957 nyua 000 0beng | ||
| 035 | _9(DLC) 57007603 | ||
| 856 | 4 | 1 |
_uhttp://www.archive.org/details/smallwoman00burg _zFree eBook from the Internet Archive |
| 856 | 4 | 2 |
_uhttp://www.openlibrary.org/books/OL6222342M _zAdditional information and access via Open Library |
| 010 | _a 57007603 | ||
| 035 | _a(OCoLC)1279934 | ||
| 040 |
_aDLC _cFO _dOCoLC _dDLC _dCaSfIA |
||
| 050 | 0 | 0 |
_aBV3427.A9 _bB8 |
| 082 | 0 | 0 |
_a266/.0092 _aB |
| 100 | 1 | _aBurgess, Alan. | |
| 245 | 1 | 4 |
_aThe small woman. _h[electronic resource] |
| 250 | _a[1st ed.] | ||
| 260 |
_aNew York, _bDutton, _c1957. |
||
| 300 |
_a256 p. _billus. _c21 cm. |
||
| 500 | _aTitle also in Chinese. | ||
| 600 | 1 | 0 | _aAylward, Gladys. |
| 942 | _cEB | ||
| 506 | _fНеобхідна авторизація на https://archive.org/ (створення облікового запису безкоштовно) | ||
| 506 | _fНеобхідна авторизація на https://openlibrary.org/ (створення облікового запису безкоштовно) | ||
| 999 |
_c549801 _d549801 |
||